| 000 | 00527nam a2200193Ia 4500 | ||
|---|---|---|---|
| 003 | GCL | ||
| 008 | 140319s9999 xx 000 0 aFre d | ||
| 040 |
_aGCL / _cGCL |
||
| 082 | 0 | 4 |
_aCC _b932 _bL C |
| 100 | 1 | _aLACAU, PIERRE | |
| 245 | 1 | 0 |
_aUNE CHAPELLE DE SESOSTRIS 1 ER A KARNAK : _bPLANCHES / _cLACAU, PIERRE |
| 700 | 1 | _aCHEVRIER, HENRI | |
| 260 |
_aالقاهرة : _bIMPRIMERIE DE L'INSTITUT FRANCAIS |
||
| 300 | _a32 CM | ||
| 650 | 0 | 4 | _aANCIENT EGYPT |
| 650 | 0 | 4 | _aEGYPTOLOGY |
| 650 | 0 | 4 | _aMONUMENTS |
| 942 |
_2ddc _cBK |
||
| 999 |
_c8823 _d8823 |
||